Statistics for Modern Business Decisions /

Libro de texto sobre estadísticas para la toma de decisiones en administración y negocios.

Gardado en:
Detalles Bibliográficos
Autor Principal: Lapin, Lawrence L. (autor)
Formato: Libro
Idioma:inglés
Temas:
Etiquetas: Engadir etiqueta
Sen Etiquetas, Sexa o primeiro en etiquetar este rexistro!

MARC

LEADER 00000nam^a2200000^a^4500
001 000033920
005 20250521000000.0
009 20260310085218.282
020 |a 0-15-583764-8 
037 |a Acervo ITESO - Biblioteca 
041 |a ING 
082 |a 658. 4  |b LAP 
100 |a Lapin, Lawrence L.  |e (autor) 
245 1 0 |a Statistics for Modern Business Decisions /  |c L.L. Lapin. 
264 |a Nueva York, EUA :  |b Harcourt,  |c 1973 
300 |a 790 p. 
336 |a texto  |b txt  |2 rdacontenido 
337 |a sin mediación  |b n  |2 rdamedio 
338 |a volumen  |b nc  |2 rdasoporte 
520 |a Libro de texto sobre estadísticas para la toma de decisiones en administración y negocios. 
649 |a XX 
650 |a Ciencias Administrativas 
650 |a Estadística 
650 |a Administración 
910 |a Fondo General 
920 |a Impresos - Libros 
930 |a Colección General 
905 |a 101 
901 |a 0339200100  |b IT1  |c ACC  |i 033920  |u 20250521 
902 |a https://opac.biblio.iteso.mx/vufind/Record/000033920